| 000 | 00628nam a2200205Ia 4500 | ||
|---|---|---|---|
| 001 | 15201 | ||
| 003 | GE_BSU | ||
| 008 | 181216s||||||||xx |||||||||||||| ||und|| | ||
| 040 | _cGE_BSU | ||
| 100 | _aშანიძე,ალექსანდრე | ||
| 245 | _aჩემი სამშობლო | ||
| 245 | _bლექსები | ||
| 245 | _cრედ:მ.ფოცხიშვილი;მხატვ:თ.სამსონაძე | ||
| 260 | _aთბილისი. | ||
| 260 | _bნაკადული | ||
| 260 | _c1971 | ||
| 300 | _a42გვ;16სმ. | ||
| 653 | _aლექსები | ||
| 942 | _cBK | ||
| 999 |
_c48313 _d48313 |
||